000 00486nam a2200181Ia 4500
005 20250508163307.0
008 008 250505s9999 xx 000 0 hin d
037 _aTextual
040 _aFEDL
_beng
_cFEDL
041 _ahin
_2hin
084 _a891.432, OJH
_qFEDL
100 _aOjha Dashrath
245 0 _aNatya-nibandh
260 _aDelhi, India
_bNational Publishing House
_c1972
300 _a336p
942 _cTEXL
_h891.432, OJH
999 _c1382100
_d1382100